000 00633cam a2200193 4500
001 BFIL012322
008 spa
035 _aBFIL012322
050 4 _aKJJ1901
_bD55
100 1 _aDiligent, Víctor
245 0 _aQué es la sindicación obrera? : sus principios, su orientación, sus consecuencias /
_cVictor Diligent ; prol. Juan Reig Genoves.
260 _aMadrid :
_bSaturnino Calleja Fernández
300 _a2 v. ;
_c20 cm.
440 0 _aCiencia y Acción
500 _a1 juego de los V.1 y 2
650 4 _aSindicatos
_xFrancia
700 1 _aReig Genoves, Juan,
_eprol.
942 _2lcc
_cLIB
999 _c119091
_d119091